000 00917nam a2200229Ia 4500
003 Ost
005 20260507075243.0
008 260507s9999||||xx |||||||||||||| ||und||
040 _cfsecg
041 _aara
082 _a330
100 _aالخفاجي، نعمة عباس
_eمؤلف
245 0 _aثقافة المنظمة /
_c نعمة عباس الخفاجي
260 _aعمان:
_bدار اليازوري,
_c2009
300 _a148 صفحة؛
_bإيضاحات ؛
_c24 سم
504 _aمراجع ص.145
520 _aفكرة عن ثقافة المنظمة و دورها في تحقيق النجاح و التميز ، نماذج ثقافة المنظمة و تكوين هذه الثقافة ، تغيير ثقافة المنظمة و التطبيع الاجتماعي .
653 _aالادارة
653 _aالتطبيع الإجتماعي
653 _aالمنظمة
942 _cكتاب
999 _c43633
_d43633